000 00284nam a22001337a 4500
008 170203b xxu||||| |||| 00| 0 eng d
020 _a9781428336131
041 _aeng
080 _a61
100 _a3
101 _aSHM
245 _aMEDICAL MANAGER
_cMARIA STIO
942 _2udc
_cBK
999 _c4498
_d4498